| 000 | 01136nam a2200241Ia 4500 | ||
|---|---|---|---|
| 003 | OSt | ||
| 005 | 20200813124423.0 | ||
| 008 | 191128s1980 ck grl f000 0 spa d | ||
| 040 |
_aCO-JMCR _cCO-JMCR |
||
| 041 | 0 | _aspa | |
| 082 | 0 | 4 |
_a342.023 / _bC718c1 _223 |
| 110 | 1 |
_aColombia. _98040 |
|
| 240 | 1 | 0 | _aLeyes, decretos, etc. |
| 245 | 1 | 0 |
_aConstitución Política de Colombia 1982 : _bedición concordada anotada y actualizada con los textos de los actos legislativos de 1968, 1975 y 1977 dirigida por el Dr. Luis Carlos Giraldo Marín |
| 260 |
_aBogotá : _bDerecho Colombiano, _c1980 |
||
| 300 |
_a299 páginas ; _c22 cm. |
||
| 505 | 0 | _aDe la nación y del territorio -- De los habitantes: nacionales y extranjeros -- De los derechos civiles y garantias sociales -- De la religión y de las relaciones entre la iglesia y el estado -- De las ramas del poder público y del servicio público | |
| 650 | 1 | 4 |
_aDerechos humanos _xLeyes, decretos _98162 |
| 650 | 1 | 4 |
_aReformas constitucionales _zColombia _98119 |
| 651 | 4 |
_aColombia _xconstitución _98131 |
|
| 700 | 1 |
_aGiraldo Marín, Luis Carlos, _edirector _98163 |
|
| 942 |
_2ddc _cBK |
||
| 999 |
_c5876 _d5876 |
||